La condición jurídica del fiel cristiano: contribución al estudio comparado del Codex Iuris Canocici y del Codex Canonum Ecclesiarum Orientalium
Wedi'i Gadw mewn:
| Prif Awdur: | |
|---|---|
| Fformat: | Llyfr |
| Iaith: | Sbaeneg |
| Cyhoeddwyd: |
Buenos Aires
El Copista
1995
|
| Pynciau: | |
| Tagiau: |
Ychwanegu Tag
Dim Tagiau, Byddwch y cyntaf i dagio'r cofnod hwn!
|
MARC
| LEADER | 00000nam a2200000 a 4500 | ||
|---|---|---|---|
| 001 | UCM3169 | ||
| 003 | CL-VaPUC | ||
| 008 | 020628e19950000AG |||||||||||||||||spa|d | ||
| 082 | 0 | 4 | |a 262.9 |b OKU |2 21 |
| 100 | |a Okulik, Luis |e autor |9 469940 | ||
| 245 | 1 | 3 | |a La condición jurídica del fiel cristiano: contribución al estudio comparado del Codex Iuris Canocici y del Codex Canonum Ecclesiarum Orientalium |
| 300 | |a 201 p | ||
| 942 | |c BK | ||
| 945 | |d 20020628 00:00:00 |a cmena | ||
| 260 | |a Buenos Aires |b El Copista |c 1995 | ||
| 650 | 7 | |a DERECHO CANONICO |2 CL-VaPUC |9 469941 | |
| 650 | 0 | |a Cristianismo |9 257361 | |
| 650 | 7 | |a DOCTRINA CRISTIANA |2 CL-VaPUC |9 339115 | |
| 650 | 0 | |a Eclesiología |9 366152 | |
| 650 | 0 | |a Obligaciones |9 255578 | |
| 650 | 0 | |a Documentos pontificios |9 255642 | |
| 583 | |a last modification |c 20020628 00:00:00 |k Rodrigo Vera | ||
| 999 | |c 300658 |d 300656 | ||
| 952 | |0 0 |1 0 |4 0 |6 262_900000000000000_OKU_1995 |7 0 |8 A |9 358692 |a BIBDER |b BIBDER |d 2019-11-21 |i 3823148 |o 262.9 OKU 1995 |p 3823148 |r 2023-01-25 |w 2019-11-21 |y BK |k DER | ||